Handball EHF Women's Championsleague Final Four - Statistics

General Stats
  • This quiz has been taken 20 times
  • The average score is 35 of 67
Answer Stats
Season 1. % Correct
2024/25 Győri Audi ETO KC
100%
2023/24 Győri Audi ETO KC
100%
Győri Audi ETO KC
100%
Győri Audi ETO KC
100%
Győri Audi ETO KC
100%
2018/19 Győri Audi ETO KC
100%
2017/18 Győri Audi ETO KC
100%
2016/17 Győri Audi ETO KC
100%
Győri Audi ETO KC
100%
2013/14 Győri Audi ETO KC
100%
Metz Handball
88%
Metz Handball
88%
Metz Handball
88%
Metz Handball
88%
Odense Håndbold
88%
Team Esbjerg
88%
Team Esbjerg
88%
Team Esbjerg
88%
Team Esbjerg
88%
2022/23 Vipers Kristiansand
88%
2021/22 Vipers Kristiansand
88%
2020/21 Vipers Kristiansand
88%
Vipers Kristiansand
88%
FTC-Rail Cargo Hungaria
75%
Brest Bretagne Handball
63%
Cristina Neagu
50%
Cristina Neagu
50%
Cristina Neagu
50%
CSM București
50%
CSM București
50%
2015/16 CSM București
50%
Henny Reistad
50%
Henny Reistad
50%
Henny Reistad
50%
SG BBM Bietigheim
50%
Stine Bredal Oftedal
50%
Budućnost
38%
Budućnost
38%
2014/15 Budućnost
38%
Budućnost
38%
CSKA Moscow
38%
Kari Brattset Dale
38%
Katrine Lunde
38%
Larvik HK
38%
Rostov-Don
38%
Rostov-Don
38%
Ana Gros
25%
Anna Vyakhireva
25%
Anna Vyakhireva
25%
FC Midtjylland
25%
HC Vardar
25%
HC Vardar
25%
HC Vardar
25%
HC Vardar
25%
2019/20 Jovanka Radičević
25%
Nycke Groot
25%
ŽRK Vardar
25%
Amandine Leynaud
13%
Anita Görbicz
13%
Isabelle Gulldén
13%
Kari Aalvik Grimsbø
13%
Markéta Jeřábková
13%
Andrea Penezić
0%
Clara Woltering
0%
Dinamo Volgograd
0%
Jelena Grubišić
0%
Linn Jørum Sulland
0%
No matching quizzes found
Score Distribution
Percent of People with Each Score
Percentile by Number Answered
Your Score History
You have not taken this quiz